Ako by mohlo vyzerať spravodlivé zdanenie práce na Slovensku... komentár 2012/9

Na minha lista:
Detalhes bibliográficos
Autor principal: Remeta, Ján
Formato: Livro
Idioma:eslovaco
Publicado em: Bratislava 2012
Assuntos:
Tags: Adicionar Tag
Sem tags, seja o primeiro a adicionar uma tag!

MARC

LEADER 00000nam a2200000 4500
001 0192129
005 20240416113600.6
041 0 |a slo 
044 |a SK 
245 1 0 |a Ako by mohlo vyzerať spravodlivé zdanenie práce na Slovensku...  |b komentár 2012/9  |c Ján Remeta 
264 1 |a Bratislava  |c 2012 
300 |a [8 s., 14,4 NS] 
610 2 0 |a dane 
610 2 0 |a zaťaženie daňové 
610 2 0 |a práca 
610 2 0 |a mzdy 
610 2 0 |a Slovensko 
100 1 |a Remeta, Ján